12+ Letter Capital Cities - Statistics

General Stats
  • This quiz has been taken 12 times
  • The average score is 10 of 13
Answer Stats
Country Answer % Correct
Europe Andorra Andorra la Vella
83%
Asia Brunei Bandar Seri Begawan
83%
Africa South Africa Bloemfontein
83%
North America Guatemala Guatemala City
83%
Europe Luxembourg Luxembourg City
83%
North America Haiti Port-au-Prince
83%
North America Dominican Republic Santo Domingo
83%
North America USA Washington, D.C.
83%
Africa Madagascar Antananarivo
67%
North America Grenada Saint George's
67%
Africa Côte d'Ivoire Yamoussoukro
67%
Asia Sri Lanka Sri Jayawardenepura Kotte
50%
Asia Palestine East Jerusalem
33%
No matching quizzes found
Score Distribution
Percent of People with Each Score
Percentile by Number Answered
Your Score History
You have not taken this quiz